| 000 | 00636nam a22002057a 4500 | ||
|---|---|---|---|
| 003 | DO-SdBNP | ||
| 005 | 20180320112119.0 | ||
| 008 | 161031b 1957 xxu 00| 0 spa d | ||
| 040 |
_aBPMSU _bspa _cBPMSU |
||
| 082 |
_axxxx _bxxxx |
||
| 100 | 1 | _aRice, Juan R. | |
| 245 | 1 | 3 |
_aEl don de lenguas / _cJuan R. Rice : traducción Ildefonso Villarello |
| 260 |
_aCasa Bautista de publicaciones : _bEl Paso, Texas, Estados Unidos, _c1957. |
||
| 300 |
_a117 p. : _c18 cm. |
||
| 700 | 1 |
_aVillarello, Ildefonso _etrad |
|
| 910 | _a000144 | ||
| 942 |
_2ddc _cBK |
||
| 945 | _ainventariado, 2018 / dg | ||
| 956 |
_aYLOCKWARD _b10 _c20171124 _d144 |
||
| 999 |
_c13071 _d13071 |
||